000 00285pab a2200121 454500
008 180718b xxu||||| |||| 00| 0 eng d
100 _aHardwari, Lal
245 _aPrivileges of Indian legislatures
650 _a Privilege
650 _aLegislatures
773 _aTribune
909 _a21823
999 _c21823
_d21823